Vzťahy medzi ČĽR a Čínskou republikou na Taiwane bakalárska práca

Gespeichert in:
Bibliographische Detailangaben
1. Verfasser: Kordovaníková, Dana
Körperschaft: Fakulta medzinárodných vzťahov EU. Katedra medzinárodných politických vzťahov
Weitere Verfasser: Škvrnda, František
Format: Buch
Sprache:Slowakisch
Veröffentlicht: Bratislava 2017
Tags: Tag hinzufügen
Keine Tags, Fügen Sie das erste Tag hinzu!

MARC

LEADER 00000nbm a2200000 4500
001 0232102
005 20180223122343.6
041 0 |a slo 
044 |a SK 
245 1 0 |a Vzťahy medzi ČĽR a Čínskou republikou na Taiwane  |b bakalárska práca  |c Dana Kordovaníková ; školiteľ: František Škvrnda 
264 1 |a Bratislava  |c 2017 
300 |a 55 s. 
100 1 |a Kordovaníková, Dana 
700 1 |a Škvrnda, František 
710 2 |a Fakulta medzinárodných vzťahov EU. Katedra medzinárodných politických vzťahov